Personnages de One Piece originaires de Grand Line- mort subite - Statistiques

Statistiques générales
  • Ce quiz a été pris 103 fois
  • Le résultat moyen est 3 sur 15
Answers on the Grid
Answers color-coded by a green-red scale on the quiz's grid according to % correct below.
Cavendish
Hajrudin
Nico Robin
Brook
Gol D.Roger
Vegapunk
Ener
Gecko Moria
X-Drake
Kozuki Oden
Barbe-Noire
Nefertari Vivi
César Clown
Marco
Magellan
Carrot
Bartholomew Kuma
Franky
Emporio Ivankov
Barbe-Blanche
Monkey D.Dragon
Capone Gang Bege
Trafalgar D.Waterlaw
Baggy
Eustass Kid
Kizaru
Silvers Rayleigh
Fujitora
Bartolomeo
Charlotte Katakuri
 
Statistiques - réponses
Réponse % Correct
Carrot
33%
Charlotte Katakuri
33%
Barbe-Blanche
31%
Nefertari Vivi
31%
Hajrudin
26%
Kozuki Oden
26%
Emporio Ivankov
24%
Marco
24%
Barbe-Noire
21%
Magellan
17%
Baggy
14%
César Clown
12%
Vegapunk
12%
Fujitora
10%
Cavendish
7%
Aucun quiz correspondant
Distribution des résultats
% des personnes avec chaque résultat
Percentile par nombre de réponses
Votre historique - résultats
Vous n’avez pas pris ce quiz